Central Library OPAC University of Rajshahi
Normal view MARC view

Entry Topical Term

Number of records used in: 2

001 - CONTROL NUMBER

  • control field: 5029

003 - CONTROL NUMBER IDENTIFIER

  • control field: BD-RjUL

005 - DATE AND TIME OF LATEST TRANSACTION

  • control field: 20220927154122.0

008 - FIXED-LENGTH DATA ELEMENTS

  • fixed length control field: 220927|| aca||aabn | a|a d

040 ## - CATALOGING SOURCE

  • Original cataloging agency: BD-RjUL
  • Transcribing agency: BD-RjUL

150 ## - HEADING--TOPICAL TERM

  • Topical term or geographic name entry element: Factor analysis
  • Form subdivision: Probabilities and applied mathematics

670 ## - SOURCE DATA FOUND

  • Source citation: Work cat.: (BD-RjUL)80445: Akhter, Shiuly 5028, A Study of principal n- Ideals of A Nearlattice /, 2004